01491cam a2200289 i 45000010011000000030010000110050017000210070003000380080041000410200015000820400142000970410008002390820024002471000033002712450125003042640045004292640012004743000028004863360028005143370034005423380029005765040074006055050332006796300021010116300046010327760123010787687140014CO-MdFUSB20220617165133.0ta910828t1991 mnu b 001 0 eng  a0800625048 aDLCbengcCO-MdFUSBdMUQdNLGGCdBTCTAdYDXCPdBAKERdHEBISdSGBdBDXdGBVCPdOCLCOdOCLCAdOCLCQdOCLCOdOCLCAdOCLCQdOCLCOdDEBBGerda aeng 223a224.1066bSE4621 aSeitz, Christopher R.eautor10aZion's final destiny :bthe development of the Book of Isaiah : a reassessment of Isaiah 36-39 c/ Christopher R. Seitz. 1aMinneapolis :bFortress Press, c[1991]  4c© 1991 a228 páginas ;c24 cm. atextobtxt2rdacontent. asin mediaciónbn2rdamedia. avolumenbnc2rdacarrier. aIncluye referencias bibliográficas (páginas 209-215) e índices. aDos Isaías independientes -- "Cosas anteriores": el alcance y la razón de ser del proto-Isaías -- No hay escapatoria para un blasfemo (Isaías 36-37) -- El destino de Sion (701 y 587 a. C.) -- Sion-rey: muerte frase desviada (Isaías 38) -- Las narraciones de Ezequías-Isaías y el crecimiento del libro de Isaías.07aBibliapIsaías07aBibliaxCrítica, interpretación, etc.08iOnline version:aSeitz, Christopher R.tZion's final destiny.dMinneapolis : Fortress Press, ©1991w(OCoLC)555214829.